000 01203cam a2200337 a 4500
999 _c1362
_d1362
001 15578337
003 OSt
005 20210625112703.0
008 090107s2010 nyua b 001 0 eng
010 _a 2009000302
020 _a9780136078586 (pbk. : alk. paper)
020 _a0136078583 (pbk. : alk. paper)
035 _a(OCoLC)ocn268788315
035 _a(OCoLC)268788315
040 _aDLC
_cDLC
_dBTCTA
_dYDXCP
_dC#P
_dBWX
_dDLC
050 0 0 _aQA76.73
_b.J38 L493 2010
082 0 0 _a005.13/3
_222
100 1 _aLewis, John,
_d1963-
245 1 0 _aJava software structures :
_bdesigning and using data structures /
_cJohn Lewis, Joseph Chase.
250 _a3rd ed.
260 _aNew York :
_bAddison-Wesley,
_cc2010.
300 _axxiv, 540 p. :
_bill. ;
_c23 cm.
504 _aIncludes bibliographical references and index.
650 0 _aJava (Computer program language)
650 0 _aData structures (Computer science)
650 0 _aComputer software
_xDevelopment.
700 1 _aChase, Joseph,
_d1964-
906 _a7
_bcbc
_corignew
_d1
_eecip
_f20
_gy-gencatlg
942 _2lcc
_cBK
_nSO